13: Le Mecanisme des Deviations Sexuelle : le narcissisme : édition française, revue et augmentée par l'auteur /

Saved in:
Bibliografiske detaljer
Hovedforfatter: Ellis, Havelock
Andre forfattere: Van Gennep, Arnold
Format: Bog
Sprog:fransk
Udgivet: Paris Mercure de France 1932
Udgivelse:6a ed.
Serier:Étude de psychologie sexuelle 13
Tags: Tilføj Tag
Ingen Tags, Vær først til at tagge denne postø!

MARC

LEADER 00000nam a22000001ib4500
001 CDOM0000001896
003 mi
005 20250829141021.0
008 110513s1932 fr |||||| ||||| |||||c
040 |b ita  |c mi 
041 |a fre 
100 |a Ellis, Havelock 
245 1 |a 13: Le Mecanisme des Deviations Sexuelle :  |b le narcissisme : édition française, revue et augmentée par l'auteur /  |c Havelock Ellis  |g traduite par A. Van Gennep 
250 |a 6a ed. 
260 |a Paris  |b Mercure de France  |c 1932 
300 |a 239 p.  |c 23 cm. 
490 |a Étude de psychologie sexuelle  |v 13 
700 |a Van Gennep, Arnold 
942 |2 ddc  |c BK 
952 |0 0  |1 0  |2 ddc  |4 0  |6 B_SPS03HAVELMEC11  |7 1  |9 8496  |a MI  |b MI  |d 2006-01-07  |i 1448  |l 0  |o B-SPS03-HAVEL-MEC11  |p CDOM1448  |r 2025-07-17 21:50:00  |w 2025-07-17  |y BK 
999 |c 7077  |d 7077